000 00599nam a2200193Ia 4500
005 20260114185626.0
008 008 260114s9999 xx 000 0 eng d
020 _a9781474291712
037 _aEBOOK
040 _aCRL
_beng
_cCRL
041 _aeng
_2eng
084 _qCRL
100 _aMadge Dresser
_9872387
245 0 _aSlavery Obscured The Social History of the Slave Trade in an English Provincial Port
260 _bBloomsbury
_c2016
856 _uhttps://doi.org/10.5040/9781474291712?locatt=label:secondary_bloomsburyCollections
942 _cEBOOK
999 _c1471335
_d1471335